| 000 | 00745nac a22002051u 4500 | ||
|---|---|---|---|
| 010 | _a 73022417 | ||
| 020 | _a0070333181 | ||
| 082 | 0 | 0 |
_a624.171015129 _bKAR |
| 090 |
_c6434 _d6434 |
||
| 100 | _aKardestuncer, Hayretti | ||
| 245 | 1 | 0 |
_aElementary matrix analysis of structures / _cHayrettin Kardestuncer. |
| 260 |
_aNew York: _bMcGraw-Hill,c.[1974]. _cc.[1974]. |
||
| 300 |
_axvii, 428 p. _billus. _c23 cm. |
||
| 500 | _aDistributer: Al-Ahram. | ||
| 511 | _aCatalogued By: Mahitab. | ||
| 650 | 0 | _aStructural analysis (Engineering) | |
| 650 | 0 | _aMatrices. | |
| 942 |
_cBB _k624.171015129KAR |
||
| 999 |
_c6434 _d6434 |
||